000 00842nam a2200229 a 4500
001 000025734
005 20200930024017.0
008 110221s1977 mx r 000 0 spa d
040 _aDO-SdBNP
_bspa
_cBNPHU
041 1 7 _aspa
_heng
_2Código de idiomas MARC
082 _ann*
_bnn*
100 1 _aBierman Jr., Harold.
_952526
240 1 4 _aThe capital budgeting decision.
_lEspañol
245 1 3 _aEl presupuesto de bienes de capital :
_bla toma de decisiones /
_cHarold Bierman Jr. y Seymour Smidt ; traducción de Eduardo L. Súarez.
260 _aMéxico, D. F. :
_bFondo de Cultura Económica,
_c1977.
300 _a462 p. ;
_c23 cm.
490 1 _aObras de Economía
534 _aTítulo original :
_tThe capital budgeting decision
700 1 _aSúares, Eduardo L.,
_etr.
_952527
830 0 _aObras de Economía
_947014
049 _aBNGR
999 _c25226
_d25226